| 000 | 00361nam a2200133Ia 4500 | ||
|---|---|---|---|
| 005 | 20260326235445.0 | ||
| 008 | 260326s9999||||xx |||||||||||||| ||und|| | ||
| 100 | _aPetroski, Henry | ||
| 245 | 0 |
_aSmall Things Considered : _b Why there is no perfect Design / _cHenry Petroski |
|
| 260 | _bVintage | ||
| 300 | _a288 p. | ||
| 650 | _aDISEÑO INDUSTRIAL | ||
| 942 | _cBK | ||
| 999 |
_c7566 _d7566 |
||